[Event "Samara Polugaevsky Memorial 4th"]
[Site "Samara"]
[Date "2014.07.02"]
[Round "1"]
[White "Komendatyan, Artyom"]
[Black "Strezhneva, Ekaterina"]
[Result "1-0"]
[WhiteElo "2168"]
[BlackElo "1639"]
[PlyCount "51"]
[EventDate "2014.07.02"]
[EventType "swiss"]
[EventRounds "9"]
[EventCountry "RUS"]
[SourceTitle "CBM 161 Extra"]
[Source "ChessBase"]
[SourceDate "2014.08.29"]
[SourceVersion "1"]
[SourceVersionDate "2014.08.29"]
[SourceQuality "1"]

1. c4 g6 2. Nc3 Bg7 3. d4 e5 4. dxe5 Bxe5 5. Nf3 Bg7 6. Bg5 Nf6 7. Qd2 h6 8. Bf4 d6 9. 0-0-0 Nbd7 10. e4 g5 11. Be3 0-0 12. h4 Re8 13. hxg5 Nxe4 14. Nxe4 Rxe4 15. gxh6 Bf6 16. Bd3 Re8 17. g4 Ne5 18. Nxe5 dxe5 19. g5 e4 20. gxf6 Qxd3 21. Qb4 Qe2 22. h7+ Kh8 23. Bh6 Kxh7 24. Qb5 Bg4 25. Bg7+ Kg6 26. Rh6# 1-0

[Event "Samara Region-ch (Women)"]
[Site "Samara"]
[Date "2013.12.24"]
[Round "9"]
[White "Strezhneva, Ekaterina"]
[Black "Alieva, Alexandra"]
[Result "0-1"]
[WhiteElo "1660"]
[BlackElo "1960"]
[PlyCount "52"]
[EventDate "2013.12.16"]
[EventType "tourn"]
[EventRounds "9"]
[EventCountry "RUS"]
[EventCategory "1"]
[SourceTitle "CBM 158 Extra"]
[Source "ChessBase"]
[SourceDate "2014.02.28"]
[SourceVersion "1"]
[SourceVersionDate "2014.02.28"]
[SourceQuality "1"]

1. d4 d5 2. c4 e6 3. Nc3 Be7 4. e3 Nf6 5. cxd5 exd5 6. Bd3 c6 7. Nge2 0-0 8. 0-0 Nbd7 9. f3 c5 10. Qe1 Re8 11. g4 Nf8 12. g5 Nh5 13. f4 Bh3 14. Rf3 Bg4 15. Rf2 g6 16. Qf1 Ne6 17. f5 Nxg5 18. Kh1 c4 19. Bc2 Bh3 20. Qg1 Bf6 21. Ng3 Nxg3+ 22. Qxg3 Bxd4 23. fxg6 hxg6 24. Rd2 Rxe3 25. Qh4 Qf6 26. Rd1 Qf3+ 0-1